Statistics for Attack on titan : locations (SNK)

Click here to take the quiz!

General Stats

  • This quiz has been taken 114 times
  • The average score is 7 of 28

Answer Stats

Type of locationName of the location% Correct
IslandParadis
81%
WallRose
79%
WallMaria
77%
WallSina
76%
District of MariaShiganshina
75%
District of RoseTrost
75%
NationEldia
51%
NationMahr
44%
Conny's villageRagako
35%
District of SinaStohess
24%
Mahr cityRevelio
12%
Capital of ParadisMitras
11%
Sacha's villageDauper
8%
Continent/ AllianceMiddle East
7%
District of RoseUtopia
7%
NationHeazul
6%
District of RoseKaranese
6%
ForestForêt des Arbres Géants
5%
City conquered by MahrSlava
5%
FarmhouseFerme Braus
4%
ancient city Lago
2%
District of SinaOrvurd
2%
Mahr fortressSlatoa
2%
District of SinaYarckel
2%
Coastal cityCalifa
1%
District of RoseChlorba
1%
District of SinaHermiha
1%
Coastal cityOdiha
1%

Score Distribution

Percentile by Number Answered

Percent of People with Each Score

Your Score History

You have not taken this quiz